[Event "Liege Soultanbeieff op"]
[Site "Liege"]
[Date "2012.01.27"]
[Round "1"]
[White "Peruzzi, Albert"]
[Black "Market, Guillaume"]
[Result "1-0"]
[WhiteElo "1719"]
[BlackElo "1228"]
[PlyCount "91"]
[EventDate "2012.01.27"]
[EventType "swiss"]
[EventRounds "9"]
[EventCountry "BEL"]
[SourceTitle "EXT 2013"]
[Source "ChessBase"]
[SourceDate "2012.11.22"]
[SourceVersion "1"]
[SourceVersionDate "2012.11.22"]
[SourceQuality "1"]

1. e4 d6 2. Nf3 Nf6 3. Nc3 g6 4. Bc4 Bg7 5. d4 Nxe4 6. Bxf7+ Kxf7 7. Nxe4 Ke8 8. h3 c6 9. 0-0 Nd7 10. Re1 h6 11. Qd3 Nf8 12. Bf4 Bf5 13. Qa3 Ne6 14. Bg3 d5 15. Nc5 Qc8 16. Nxe6 Bxe6 17. Qe3 Kf7 18. Be5 Bxe5 19. Nxe5+ Kg7 20. Nxg6 Kxg6 21. Qxe6+ Qxe6 22. Rxe6+ Kf7 23. Rae1 Rae8 24. R1e3 Rh7 25. R6e5 e6 26. f4 Kf6 27. f5 Rhe7 28. Rxe6+ Rxe6 29. Rxe6+ Rxe6 30. fxe6 Kxe6 31. Kf2 h5 32. Kf3 Kf5 33. g4+ hxg4+ 34. hxg4+ Kg5 35. Kg3 b6 36. b4 a6 37. a3 a5 38. bxa5 bxa5 39. a4 Kg6 40. Kf4 Kf6 41. g5+ Kg6 42. c3 Kf7 43. Kf5 Kg7 44. g6 Kg8 45. Ke6 Kg7 46. Kd6 1-0